Planètes en 15 secondes - Statistiques

Statistiques générales
  • Ce quiz a été pris 283 fois
  • Le résultat moyen est 6 sur 8
Statistiques - réponses
Planètes % Correct
Mars
94%
Terre
93%
Venus
83%
Jupiter
82%
Mercure
78%
Saturne
73%
Neptune
71%
Uranus
70%
Aucun quiz correspondant
Distribution des résultats
% des personnes avec chaque résultat
Percentile par nombre de réponses
Votre historique - résultats
Vous n’avez pas pris ce quiz